000 00762nam a22002297a 4500
005 20260423084518.0
008 260423b |||||||| |||| 00| 0 eng d
020 _a9781605956688
050 _a RT89
_b.G53 2023
100 _aGilliss, Catherine,
245 _aOrganizationally minded nursing leadership /
260 _a Lancaster, Pennsylvania :
_b DEStech Publications, Inc.,
_c2023
300 _axxvii, 357 pages :
_billustrations ;
_c 24 cm
500 _aIncludes bibliographical references and index.
650 _a Nursing services
_xAdministration.
650 _a Nurse administrators.
700 _aBerkowitz, Bobbie,
700 _aReid Ponte, Patricia,
700 _a Milone-Nuzzo, Paula,
700 _a Johnson, Jean,
942 _2lcc
_cBK
999 _c60394
_d60394